[Event "4NCL 2022-23"]
[Site "Daventry ENG"]
[Date "2023.05.01"]
[Round "11.2"]
[Board "3"]
[White "Parligras, Mircea-Emilian"]
[Black "Moreby, James"]
[Result "1-0"]
[WhiteTitle "GM"]
[BlackTitle "FM"]
[WhiteElo "2552"]
[BlackElo "2365"]
[WhiteTeam "Chess.com Manx Liberty"]
[BlackTeam "The Sharks"]
[WhiteFideId "1204297"]
[BlackFideId "427756"]
[EventDate "2022.10.22"]

1. d4 Nf6 2. c4 e6 3. Nc3 Bb4 4. Qc2 O-O 5. e4 d5 6. e5 Ne4 7. Bd3 c5 8. Nf3
cxd4 9. Nxd4 Nd7 10. Bf4 Qh4 11. g3 Qh5 12. h4 g5 13. g4 Qxg4 14. Be3 Nec5 15.
Bxh7+ Kg7 16. Kd2 Ne4+ 17. Bxe4 Qxe4 18. cxd5 exd5 19. Nf5+ Kg6 20. Ne7+ Kg7 21.
Nf5+ Kg6 22. Ne7+ Kg7 23. Qxe4 dxe4 24. Nd5 Bc5 25. Rag1 Bxe3+ 26. Kxe3 Nxe5 27.
Rxg5+ Ng6 28. h5 Kh6 29. Nxe4 Nh8 30. Ne7 Be6 31. Rg6+ 1-0

[Event "4NCL 2022-23"]
[Site "Daventry ENG"]
[Date "2023.05.01"]
[Round "11.2"]
[Board "5"]
[White "Csonka, Balazs"]
[Black "Dong, Bao Nghia"]
[Result "1/2-1/2"]
[WhiteTitle "IM"]
[BlackTitle "FM"]
[WhiteElo "2496"]
[BlackElo "2332"]
[WhiteTeam "Chess.com Manx Liberty"]
[BlackTeam "The Sharks"]
[WhiteFideId "742910"]
[BlackFideId "12400343"]
[EventDate "2022.10.22"]

1. Nf3 d5 2. d4 c6 3. c4 Nf6 4. Nc3 dxc4 5. a4 Bf5 6. Ne5 Na6 7. e3 Nb4 8. Bxc4
e6 9. O-O Bd6 10. Qe2 Bxe5 11. dxe5 Ne4 12. Nxe4 Bxe4 13. Qg4 Bg6 14. Bxe6 Nc2
15. Rd1 Qxd1+ 16. Qxd1 Rd8 17. Bxf7+ Kxf7 18. Qf3+ Ke8 19. Ra2 Rf8 20. Qe2 Bd3
21. Qg4 Bf5 22. Qe2 Bd3 23. Qg4 1/2-1/2

[Event "4NCL 2022-23"]
[Site "Daventry ENG"]
[Date "2023.05.01"]
[Round "11.3"]
[Board "2"]
[White "Kilpatrick, Callum"]
[Black "Williams, Simon K"]
[Result "1/2-1/2"]
[WhiteTitle "IM"]
[BlackTitle "GM"]
[WhiteElo "2413"]
[BlackElo "2465"]
[WhiteTeam "Celtic Tigers 1"]
[BlackTeam "Cheddleton"]
[WhiteFideId "414425"]
[BlackFideId "404454"]
[EventDate "2022.10.22"]

1. e4 g6 2. d4 Bg7 3. Nc3 d6 4. Be3 a6 5. Qd2 b5 6. f3 Nd7 7. g4 Nb6 8. O-O-O d5
9. Kb1 Rb8 10. Nxd5 Nxd5 11. exd5 Nf6 12. Ne2 Nxd5 13. Bh6 Bxh6 14. Qxh6 Qd6 1/2-1/2

[Event "4NCL 2022-23"]
[Site "Daventry ENG"]
[Date "2023.05.01"]
[Round "11.4"]
[Board "4"]
[White "Keetman, Maaike"]
[Black "Hill, Alistair"]
[Result "1-0"]
[WhiteTitle "WFM"]
[WhiteElo "2129"]
[BlackElo "2171"]
[WhiteTeam "Chessable White Rose 2"]
[BlackTeam "Cambridge University"]
[WhiteFideId "1033697"]
[BlackFideId "432407"]
[EventDate "2022.10.22"]

1. e4 c6 2. Nc3 d5 3. Nf3 Bg4 4. h3 Bxf3 5. Qxf3 e6 6. g3 d4 7. Nb1 Nd7 8. d3 h5
9. Bg2 h4 10. g4 Be7 11. Qe2 e5 12. f4 exf4 13. Bxf4 Bg5 14. O-O Bxf4 15. Rxf4
Ne5 16. Nd2 Ne7 17. g5 N7g6 18. Rf5 Qc7 19. Nf3 O-O-O 20. Rf1 Rd7 21. Qf2 Nxf3+
22. Bxf3 Ne5 23. Rxe5 Qxe5 24. Bg4 Qxg5 25. Qxf7 Rd8 26. Qf4 Qe7 27. Bxd7+ Rxd7
28. Qf8+ Kc7 29. Qxe7 Rxe7 30. Rf5 Kd6 31. Rg5 Rf7 32. Kg2 b5 33. Rg4 c5 34.
Rxh4 c4 35. Rh5 cxd3 36. cxd3 a6 37. Rd5+ Ke6 38. Rxd4 Rc7 39. Rb4 Rc2+ 40. Kf3
Rh2 41. Kg3 Re2 42. Kf3 Rh2 43. Kg4 Ke5 44. a4 bxa4 45. Rxa4 Rxb2 46. Rxa6 Rg2+
47. Kf3 Rh2 48. Ra5+ Ke6 49. Rh5 Rh1 50. Ke3 Ra1 51. Rg5 Kf6 52. Rg3 g5 53. Rf3+
Ke6 54. h4 gxh4 55. Rh3 Ra3 56. Rxh4 Kd6 57. Rh6+ Ke5 58. Rh5+ Ke6 59. Rb5 Kd6
60. Rh5 Ke6 61. Rg5 Rb3 62. Ra5 Kd6 63. e5+ Ke6 64. Ke4 Rb1 65. Ra6+ Ke7 66. d4
Rb4 67. e6 Rb1 68. Ke5 Re1+ 69. Kd5 Kf6 70. Ra8 Re2 71. Rf8+ Ke7 72. Rf7+ Ke8
73. Ra7 1-0

[Event "4NCL 2022-23"]
[Site "Daventry ENG"]
[Date "2023.05.01"]
[Round "11.6"]
[Board "1"]
[White "Sarakauskas, Gediminas"]
[Black "Willow, Jonah B"]
[Result "1/2-1/2"]
[WhiteTitle "IM"]
[BlackTitle "IM"]
[WhiteElo "2388"]
[BlackElo "2468"]
[WhiteTeam "Gonzaga"]
[BlackTeam "Wood Green Youth"]
[WhiteFideId "12800724"]
[BlackFideId "438804"]
[EventDate "2022.10.22"]

1. d4 d5 2. Nf3 e6 3. g3 c5 4. Bg2 cxd4 5. O-O Ne7 6. Nxd4 Nbc6 7. c4 Nxd4 8.
Qxd4 Nc6 9. Qd1 d4 10. e3 e5 11. exd4 exd4 12. Re1+ Be7 13. Bg5 Be6 14. Bxe7
Qxe7 15. Bxc6+ bxc6 16. Qxd4 O-O 17. Nc3 Rfd8 18. Qe3 Qf6 19. b3 h6 20. Qe5 Qxe5
21. Rxe5 Bh3 22. Rae1 Rd2 23. Rh5 Be6 24. Ra5 Bh3 25. Rh5 Be6 26. Rc5 Rc2 27.
Ne2 Rd8 28. Nf4 Rdd2 29. Nxe6 Rxf2 30. Nf4 g5 31. Ne2 Rfxe2 32. Rxe2 Rxe2 33.
Rxc6 Rxa2 34. Rxh6 Ra3 35. Rf6 Rxb3 36. Rf5 Rb1+ 37. Kf2 Rb2+ 38. Ke3 Rxh2 39.
Rxg5+ Kf8 40. Ra5 Rg2 41. Kf4 Rc2 42. c5 a6 43. Ke5 Ke7 44. Kd5 Kd7 45. Rxa6
Rd2+ 46. Ke5 Re2+ 47. Kf5 Rf2+ 48. Kg5 Rc2 49. Rd6+ Ke7 50. Rd5 Ke6 51. Rf5 Rc3
52. g4 Rc4 53. Rf6+ Ke7 54. Rc6 Kd7 55. Rd6+ Ke7 56. Rd5 Ke6 57. Rf5 Rc1 58. Kh6
Rc4 59. Kg5 Rc1 60. Kf4 Rc4+ 61. Kf3 Rc3+ 62. Ke2 Rc4 63. Rg5 f6 64. Kd3 Ra4 65.
Rg8 Kd5 66. Ke3 1/2-1/2